000 00340nam a2200133Ia 4500
003 GCL
008 140319s9999 xx 000 0 ara d
040 _aGCL /
_cGCL
082 0 4 _a912.014
_bف خ
245 1 0 _aخرائط التوزيعات
260 _a[S.N] :
_bدار الحكمة اليمنية ،
_c1994
300 _a280 ص
490 _a
999 _c55570
_d55570